| 000 | 01323nam a2200253 a 4500 | ||
|---|---|---|---|
| 001 | ASIN1741792185 | ||
| 005 | 20170105102923.0 | ||
| 008 | 131209s2011 xxu eng d | ||
| 020 |
_a1741792185 (paperback) _c$28.99 |
||
| 020 | _a9781741792188 (paperback) | ||
| 040 | _a0 | ||
| 100 | 1 | _aMayhew, Bradley. | |
| 245 | 1 | 0 |
_aLonely planet tibet / _cBradley Mayhew, Michael Kohn, Daniel McCrohan. |
| 250 | _a8th ed. | ||
| 260 |
_a[S.l.] : _bLonely Planet, _c2011. |
||
| 300 |
_a384 p. ; _c20 cm. |
||
| 490 | 1 | _aCountry travel guide. | |
| 520 | _a“Go to Tibet and see many places, as much as you can; then tell the world.” – His Holiness The Dalai Lama Our Promise You can trust our travel information because Lonely Planet authors visit the places we write about, each and every edition. We never accept freebies for positive coverage, and you can rely on us to tell it like we see it. Inside This Book… Preface by His Holiness the Dalai Lama 4 intrepid authors 55 maps 100+ monasteries Inspirational photos Clear, easy-to-use maps Trekking in Tibet chapter In-depth background Comprehensive planning tools Easy-to-read | ||
| 700 | _aKohn, M | ||
| 700 | _aMcCrohan, | ||
| 830 | _aCountry travel | ||
| 856 |
_3Amazon.com _uhttp://www.amazon.com/exec/obidos/ASIN/1741792185/chopacon |
||
| 942 |
_2ddc _cBK |
||
| 999 |
_c15684 _d15684 |
||